000 00611nam a22001937a 4500
999 _c15154
_d15154
003 AR-CdUCM
008 190426b ||||| |||| 00| 0 spa d
020 _a978-607-618-369-4
040 _aMUNICIPALIDAD PROVINCIAL DEL CUSCO
_cBIBLIOTECA MUNICIPAL DEL CUSCO
082 _aPI / 803 /
_bV62
110 _aVic parker
_934177
245 _aCuentos clásicos /
260 _aMéxico :
_bSilver dolphin,
_c2014.
300 _a224 páginas ;
_bIlustraciones,
_c23 cm.
650 _aLiteratura infantil
_9588
700 _aCaballero, Samantha (traducción)
_924667
942 _2ddc
_cLIBROS
945 _aacv
_d2019-04-26